Retroalimentación y sistemas de control

Saved in:
Bibliografiske detaljer
Main Authors: Distefano, Joseph J (Author), Stubberud, Allen R (Author), Williams, Ivan Joe (Author)
Format: Bog
Sprog:spansk
Udgivet: Bogotá McGraw-Hill 1992
Udgivelse:2a. ed
Serier:Schaum
Fag:
Tags: Tilføj Tag
Ingen Tags, Vær først til at tagge denne postø!

MARC

LEADER 00000nam a2200000 a 4500
001 UCY0076
003 CL-VaPUC
008 940708e19920000CK |||||||||||||||||spa|d
082 0 4 |a 629.83  |b DIS  |2 21 
100 0 |a Distefano, Joseph J  |e author  |9 327674 
700 0 |a Stubberud, Allen R  |e author  |9 327675 
700 0 |a Williams, Ivan Joe  |e author  |9 327676 
245 1 0 |a Retroalimentación y sistemas de control 
250 |a 2a. ed 
300 |a 636 p 
942 |c BK 
945 |d 19940708 00:00:00  |a mfernand 
260 |a Bogotá  |b McGraw-Hill  |c 1992 
650 7 |a SISTEMAS DE CONTROL POR RETROALIMENTACION  |2 CL-VaPUC  |9 260651 
650 0 |a Control automático  |9 259890 
583 |a last modification  |c 19940708 00:00:00  |k Rodrigo Vera 
490 0 |a Schaum 
999 |c 229166  |d 229164 
952 |0 0  |1 0  |2 ddc  |4 0  |6 629_830000000000000_DIS_1992  |7 0  |8 A  |9 229875  |a BIBING  |b BIBING  |c RES  |d 2019-11-15  |i 2993600  |o 629.83 DIS 1992  |p 2993600  |r 2025-01-20  |w 2019-11-15  |y BK  |k ING 
952 |0 0  |1 0  |2 ddc  |4 0  |6 629_830000000000000_DIS_1992  |7 0  |8 A  |9 229877  |a BIBING  |b BIBING  |c RES  |d 2019-11-15  |i 3158071  |o 629.83 DIS 1992  |p 3158071  |r 2025-01-20  |w 2019-11-15  |y BK  |k EIE 
952 |0 0  |1 0  |2 ddc  |4 0  |6 629_830000000000000_DIS_1992  |7 0  |8 A  |9 229878  |a BIBING  |b BIBING  |c RES  |d 2019-11-15  |i 3671186  |o 629.83 DIS 1992  |p 3671186  |r 2025-01-20  |w 2019-11-15  |y BK  |k EIE